| 000 | 01040cam a2200313 a 4500 | ||
|---|---|---|---|
| 001 | 17285452 | ||
| 003 | OSt | ||
| 005 | 20230321162149.0 | ||
| 008 | 120504s2014 mauab b 001 0 eng | ||
| 010 | _a 2012939050 | ||
| 020 | _a9781285067230 | ||
| 020 | _a1285067231 | ||
| 040 |
_aDLC _cDLC _dDLC |
||
| 050 | 0 | 0 | _aP90.V43 |
| 082 | 0 | 0 |
_a302.2 _223 |
| 100 | 1 |
_aVerderber, Kathleen S., _91074 |
|
| 245 | 1 | 0 |
_aCommunicate! / _cRudolph F. Verderber, Kathleen S. Verderber, Deanna D. Sellnow. |
| 250 |
_a14th ed. _b(Instructor's edition) |
||
| 260 |
_aBoston, MA : _bWadsworth/Cengage Learning, _c2014. |
||
| 300 |
_axxii, 505 p. : _bill. (some col.), col. map ; _c28 cm |
||
| 504 | _aIncludes bibliographical references (pages 473-491) and index. | ||
| 505 | _aContents: | ||
| 650 | 0 |
_aCommunication. _98 |
|
| 700 | 1 |
_aVerderber, Rudolph F. _91075 |
|
| 700 | 1 |
_aSellnow, Deanna D. _91076 |
|
| 906 |
_a7 _bcbc _corigcop _d2 _eepcn _f20 _gy-gencatlg |
||
| 942 |
_2lcc _cBK |
||
| 999 |
_c9461 _d16961 |
||